000 00734cab a2200229 4500
001 ABS50473
008 090401t1994 xxu||||| |||| 00| 0 eng d
035 _a(Sirsi) u75983
041 _aeng
100 _aSmoker, D
245 _aMaking sure you cover your back
260 _c1994
350 _a0
490 _aConstruction News
_v(6362) 28 April 1994, 21(1)
520 _aStresses the importance of having adequate professional indemnity insurance cover for those engaged in design and build contract work.
650 _aDESIGN AND BUILD CONTRACTS
650 _aPROFESSIONAL INDEMNITY INSURANCE
690 _aBUILT ENVIRONMENT-BUILDING CONTRACT FORMS
690 _aINSURANCE
_96249
942 _n0
948 _c04/03/1997
999 _c47807
_d47807